LEADER 01097nam a2200241 u 4500 001 000000108548 003 CaOOAMICUS 005 20081201122729.0 008 071129s1974 it u000 u ita u 040 $aPUL$bita$dLDB 100 1 $aGuizzi, Francesco.$0(OLS)http://pul/name/66527 245 13$aIl principato tra "res publica" e potere assoluto /$cFrancesco Guizzi. 260 $aNapoli :$bJovene,$c1974. 300 $axix, 251 p. ;$c24 cm. 490 1 $aPubblicazioni della Facoltà giuridica dell'Università di Napoli ;$v130 504 $aBibliografia in nota. 651 4$aRoma$xPolitica e governo.$0(OLS)http://pul/subject/3648 830 0$aPubblicazioni della Facoltà giuridica dell'Università di Napoli ;$v130.$0(OLS)http://pul/title/1210 850 $aPUL 852 $aPUL$W1$xSL Diritto e Scienze Sociali 1$y4$m184 H 5$j123712$qStampati$B122644$CPULBib$Z2$F122644 $H42996 $82 941 1 $a8 996 $6245$aIl principato tra "res publica" e potere assoluto$9(OLS)http://pul/title/136577 996 $6260$aNapoli :$bJovene$9(OLS)http://pul/publisher/47845 LEADER 01193nam a2200241 i 4500 001 000000112891 003 CaOOAMICUS 005 20080724102121.0 008 080724s2007 it b n 000 0 fre c 040 $aANG$bita$dPUL$dLDB 100 1 $aPaluku Makomera, Henri.$0(OLS)http://pul/name/69540 245 10$aEssence, paradoxes et enjeux de la justice selon Paul Ricoeur :$bune articulation ethico-morale et juridique /$cHenri Paluku Makomera. 260 $aRomae :$b[s.n.],$c2007. 300 $axiii, 238 p. ;$c24 cm 500 $aIn testa al front.: Pontificia Studiorum Universitas a S. Thoma Aq. in Urbe 502 $aEstratto di dissertazione -- Pontificia Studiorum Universitas a S. Thoma Aq. in Urbe, 2007 504 $aBibliografia: p. [163]-229 600 14$aRicoeur, Paul,$d1913-2005.$0(OLS)http://pul/subject/6719 850 $aPUL 852 $aPUL$W1$xDP1 Tesi Pon. Univ. S. Tommaso$y44$m2007 A 3$j128133$qTesi$B128132$CPULBib$Z2$F128132 $82 941 1 $a16 996 $6245$aEssence, paradoxes et enjeux de la justice selon Paul Ricoeur :$bune articulation ethico-morale et juridique$9(OLS)http://pul/title/141900 996 $6260$aRomae :$b[s.n.]$9(OLS)http://pul/publisher/48223